Management consultancies feel e-benefits (Record no. 68408)

MARC details
000 -LEADER
fixed length control field 00925cam a2200205 4500
001 - CONTROL NUMBER
control field WB3736-08
008 - FIXED-LENGTH DATA ELEMENTS--GENERAL INFORMATION
fixed length control field 010927n2001 000 0 eng u
035 ## - SYSTEM CONTROL NUMBER
System control number (Sirsi) u114879
245 ## - TITLE STATEMENT
Title Management consultancies feel e-benefits
260 ## - PUBLICATION, DISTRIBUTION, ETC.
Date of publication, distribution, etc. 2001
490 ## - SERIES STATEMENT
Series statement DTI Press Release
Volume/sequential designation (P/2001/497) 25 September 2001, (2)
520 ## - SUMMARY, ETC.
Summary, etc. A new survey reveals that management consultancy is one sector in the UK feeling the benefits of e-commerce in major aspects of their business. The survey assessing the impact of e-commerce in the management consultancy sector is available from http://www.ukonlineforbusiness.gov.uk/Government/impactstudies.htm or http://www.ukonlineforbusiness.gov.uk/ColdFusion/publications/
590 ## - LOCAL NOTE (RLIN)
Local note WB
650 ## - SUBJECT ADDED ENTRY--TOPICAL TERM
Topical term or geographic name entry element ELECTRONIC COMMERCE
650 ## - SUBJECT ADDED ENTRY--TOPICAL TERM
Topical term or geographic name entry element Management consultancy
9 (RLIN) 6255
650 ## - SUBJECT ADDED ENTRY--TOPICAL TERM
Topical term or geographic name entry element SURVEYS
650 ## - SUBJECT ADDED ENTRY--TOPICAL TERM
Topical term or geographic name entry element IMPACT STUDIES
690 ## - LOCAL SUBJECT ADDED ENTRY--TOPICAL TERM (OCLC, RLIN)
Topical term or geographic name as entry element MANAGEMENT-BUSINESS MANAGEMENT
942 ## - ADDED ENTRY ELEMENTS (KOHA)
Suppress in OPAC 0
Holdings
Withdrawn status Lost status Source of classification or shelving scheme Damaged status Not for loan Home library Current library Shelving location Date acquired Total Checkouts Full call number Barcode Date last seen Copy number Price effective from Koha item type
    Dewey Decimal Classification     London London News article 27/09/2001   WB3736-08 114879-1001 06/08/2019 1 06/08/2019 News article